Germany between two wars: a study of propagania and war-guilt (Record no. 365866)

000 -LEADER
fixed length control field 00390cam a22001337a 4500
008 - FIXED-LENGTH DATA ELEMENTS--GENERAL INFORMATION
fixed length control field 180718b1944 xxu||||| |||| 00| 0 eng d
082 ## - DEWEY DECIMAL CLASSIFICATION NUMBER
Classification number A6x43 F863
100 ## - MAIN ENTRY--PERSONAL NAME
Personal name Fraser, Lindley
245 ## - TITLE STATEMENT
Title Germany between two wars: a study of propagania and war-guilt
Statement of responsibility, etc. by Lindley Fraser
260 ## - PUBLICATION, DISTRIBUTION, ETC.
Place of publication, distribution, etc. London
Name of publisher, distributor, etc. OUP
Date of publication, distribution, etc. 1944
300 ## - PHYSICAL DESCRIPTION
Extent 184p.
650 ## - SUBJECT ADDED ENTRY--TOPICAL TERM
Topical term or geographic name entry element World war, 1914-18
650 ## - SUBJECT ADDED ENTRY--TOPICAL TERM
Topical term or geographic name entry element Germany - History
Holdings
Withdrawn status Lost status Damaged status Not for loan Permanent Location Current Location Date acquired Full call number Barcode Date last seen Price effective from Koha item type
        Indian Institute of Public Administration Indian Institute of Public Administration 1994-04-26 A6x43 F863 17123 2018-07-21 2018-07-21 Book
        Indian Institute of Public Administration Indian Institute of Public Administration 1994-04-26 A6x43 F863 279 2018-07-21 2018-07-21 Book

Powered by Koha